Statistics for NPB歴代ノーヒットノーラン達成者

Click here to take the quiz!

General Stats

  • This quiz has been taken 173 times
    (107 since last reset)
  • The average score is 21 of 101

Answer Stats

達成日選手所属% Correct
2023年9月9日山本由伸オリックス
100%
2022年6月18日山本由伸オリックス
100%
2022年6月7日今永昇太DeNA
89%
2022年4月10日佐々木朗希ロッテ
89%
2019年9月14日大野雄大中日
89%
2023年8月18日石川柊太ソフトバンク
84%
2018年10月14日菅野智之巨人
81%
2019年9月6日千賀滉大ソフトバンク
78%
2022年5月11日東浜巨ソフトバンク
74%
2022年8月27日ポンセ日本ハム
72%
2012年4月6日前田健太広島
64%
2020年8月15日小川泰弘ヤクルト
61%
2018年7月27日山口俊巨人
53%
2006年9月16日山本昌中日
53%
2002年8月1日川上憲伸中日
51%
1937年5月1日沢村栄治巨人
49%
2004年10月4日井川慶阪神
49%
1936年9月25日沢村栄治巨人
49%
1940年7月6日沢村栄治巨人
49%
1951年9月5日金田正一国鉄
45%
1957年8月21日金田正一国鉄
45%
2014年5月2日岸孝之西武
45%
2012年5月30日杉内俊哉巨人
42%
2012年10月8日西勇輝オリックス
42%
1994年5月18日槙原寛己巨人
36%
1937年7月3日スタルヒン巨人
34%
2013年6月28日山井大介中日
32%
1965年10月2日外木場義郎広島
24%
1997年9月2日石井一久ヤクルト
24%
1968年9月14日外木場義郎広島
24%
1972年4月29日外木場義郎広島
24%
1973年8月30日江夏豊阪神
20%
1999年5月8日佐々岡真司広島
19%
1965年6月28日バッキー阪神
15%
1955年5月10日杉下茂中日
14%
1987年8月9日近藤真一中日
14%
1950年6月28日藤本英雄巨人
12%
2000年6月20エルビラ近鉄
12%
1943年5月22日藤本英雄巨人
12%
1967年10月10日堀内恒夫巨人
12%
2000年4月7日バンチ中日
11%
1996年6月11日渡辺久信西武
11%
1995年8月26日佐藤義則オリックス
11%
1968年8月8日鈴木啓示近鉄
9%
1971年9月9日鈴木啓示近鉄
9%
1995年7月5日西崎幸広日本ハム
8%
1998年5月26日川尻哲郎阪神
8%
1978年8月31日今井雄太郎阪急
8%
1985年6月4日郭泰源西武
8%
2006年5月25日ガトームソンヤクルト
7%
1996年8月11日野口茂樹中日
7%
1995年9月9日ブロスヤクルト
5%
1992年6月14日湯舟敏郎阪神
5%
1943年5月26日別所昭南海
5%
1942年7月18日西沢道夫名古屋
5%
1960年8月11日島田源太郎大洋
5%
1971年8月19日藤本和宏広島
4%
1969年8月16日成田文男ロッテ
4%
1985年6月9日田中幸雄日本ハム
4%
1941年4月14日亀田忠黒鷲
4%
1952年7月26日大友工巨人
4%
1940年3月18日亀田忠イーグルス
4%
1973年10月10日八木沢荘六ロッテ
4%
1940年8月22日石田光彦阪急
3%
1937年7月16日石田光彦阪急
3%
1970年5月18日渡辺秀武巨人
3%
1961年6月20日森滝義巳国鉄
3%
1955年6月19日武智文雄近鉄
3%
1948年9月6日真田重男大陽
3%
1973年6月16日高橋直樹日拓
3%
1952年5月7日真田重蔵阪神
3%
1958年7月19日西村貞朗西鉄
3%
1968年5月16日城之内邦雄巨人
3%
1967年9月17日若生忠男西鉄
3%
1956年9月19日宮地惟友国鉄
1%
1956年5月3日大脇照夫国鉄
1%
1941年10月27日森弘太郎阪急
1%
1941年7月16日中尾輝三巨人
1%
1976年5月11日戸田善紀阪急
1%
1955年6月4日大津守西鉄
1%
1954年8月7日山下登近鉄
1%
1940年4月14日浅野勝三郎阪急
1%
1939年11月3日中尾輝三巨人
1%
1952年4月27日林義一大映
1%
1940年8月3日三輪八郎阪神
1%
1943年5月2日天保義夫阪急
1%
1957年10月12日大矢根博臣中日
1%
1990年4月25日柴田保光日本ハム
1%
1964年5月16日井上善夫西鉄
1%
1964年8月18日中山義朗中日
1%
1966年5月1日佐々木吉郎大洋
1%
1966年5月12日田中勉西鉄
1%
1966年6月12日清俊彦西鉄
1%
1943年10月12日石丸進一名古屋
1%
1970年6月9日鬼頭洋大洋
1%
1970年10月6日佐々木宏一郎近鉄
1%
1971年8月21日高橋善正東映
1%
1948年8月24日梶岡忠義阪神
1%
1975年4月20日神部年男近鉄
1%
1976年4月18日加藤初巨人
1%
1946年6月16日呉昌征阪神
1%

Score Distribution

Percentile by Number Answered

Percent of People with Each Score

Your Score History

You have not taken this quiz since the last reset